Statistiques concernant Prénoms Personnages Glee

Cliquez ici pour prendre le quiz!

Statistiques générales

  • Ce quiz a été pris 1 093 fois
  • Le résultat moyen est 11 sur 25

Statistiques - réponses

Réponse% Correct
Rachel
97%
Finn
91%
Kurt
78%
Quinn
74%
Mercedes
73%
Dave
72%
Puck
72%
Brittany
63%
Blaine
62%
Artie
58%
Sam
53%
Mike
51%
Emma
45%
Marley
35%
Kitty
30%
Jake
29%
Burt
20%
Becky
17%
Jesse
16%
Joe
12%
Terry
8%
April
7%
Figgins
7%
Laureen
3%
Roz
3%

Distribution des résultats

Percentile par nombre de réponses

% des personnes avec chaque résultat

Votre développement - résultats

Vous n’avez pas pris ce quiz